000 00361 a2200109 4500
001 ART_12340
005 20260410161905.0
008 260409a
245 1 0 _aMaximun likelihood estimation of stochastic frontier production models
100 1 _aGreene, William H.
773 0 _tJournal of econometrics
_g- Vol. 18, NÂș 2 (feb. 1982)
_wREV11720
999 _c26288
_d26288